Media Vishwakosh (Record no. 5591)

MARC details
000 -LEADER
fixed length control field 00371nam a22001577a 4500
005 - DATE AND TIME OF LATEST TRANSACTION
control field 20170919154852.0
008 - FIXED-LENGTH DATA ELEMENTS--GENERAL INFORMATION
fixed length control field 170919b xxu||||| |||| 00| 0 eng d
020 ## - INTERNATIONAL STANDARD BOOK NUMBER
ISBN 978-93-83110-20-3
041 ## - LANGUAGE CODE
Language code of text/sound track or separate title eng
082 ## - DEWEY DECIMAL CLASSIFICATION NUMBER
Classification number 030.302 23
100 ## - MAIN ENTRY--AUTHOR NAME
Personal name Bhasin,Anish
245 ## - TITLE STATEMENT
Title Media Vishwakosh
260 ## - PUBLICATION, DISTRIBUTION, ETC. (IMPRINT)
Place of publication New Delhi
Name of publisher Granth Academy
Year of publication 2013
300 ## - PHYSICAL DESCRIPTION
Number of Pages 303
942 ## - ADDED ENTRY ELEMENTS (KOHA)
Koha item type Books
Holdings
Lost status Damaged status Home library Current library Shelving location Date acquired Source of acquisition Cost, normal purchase price Full call number Accession Number Koha item type
    JRU Library   WR-1 F 19/09/2017 Purchase 500.00 030.302 23 22010 Books
    JRU Library   SHELF-32-G 19/09/2017 Purchase 500.00 030.302 23 22011 Books